| 000 | 01264cab a2200205 4500 | ||
|---|---|---|---|
| 001 | ##L136428 | ||
| 008 | 070130n2006 000 0 eng u | ||
| 035 | _a(Sirsi) u136428 | ||
| 041 | 0 | _aeng | |
| 100 | 1 | _aStell, Patrick | |
| 245 | 0 | 0 | _aFurther debate needed by all parties |
| 260 | _c2006 | ||
| 490 | 0 |
_aEstates Gazette _v(0645) 11 November 2006, 185(1) |
|
| 520 | _aDiscusses the revised PLA dilapidations protocol (E135069), querying why the Department of Constitutional Affairs (DCA) has not yet adopted it and highlighting continuing problems for commercial landlords and tenants, their surveyors and lawyers. Proposes a number of changes that may encourage its adoption, including joint appointments, joint site meetings with landlord and tenant surveyors at the start of the claim, using a third surveyor, and formalisation of the dilapidations resolution process within the lease. Concludes that dilapidations surveyors should continue to debate the content and effect of the protocol prior to the DCA approving it. | ||
| 590 | _aKA | ||
| 650 | 2 | 4 | _aPROPERTY LITIGATION ASSOCIATION PROTOCOL FOR TERMINAL DILAPIDATIONS CLAIMS FOR DAMAGES |
| 651 | 4 |
_aEngland and Wales _y1543- |
|
| 690 | _aPROPERTY-LANDLORD AND TENANT-DILAPIDATIONS | ||
| 942 | _n0 | ||
| 999 |
_c78284 _d78284 |
||